Rajneetik chintan ke aacharya (Record no. 439973)

000 -LEADER
fixed length control field 00351cam a22001097a 4500
008 - FIXED-LENGTH DATA ELEMENTS--GENERAL INFORMATION
fixed length control field 180718b1977 xxu||||| |||| 00| 0 eng d
100 ## - MAIN ENTRY--PERSONAL NAME
Personal name Foster, Micheal B.
245 ## - TITLE STATEMENT
Title Rajneetik chintan ke aacharya
Statement of responsibility, etc. by Micheal B. Foster
260 ## - PUBLICATION, DISTRIBUTION, ETC.
Place of publication, distribution, etc. Delhi Vishavavidhalaya
Name of publisher, distributor, etc. Hindi Madhyam Karyanvyan Nedeshalaya
Date of publication, distribution, etc. 1977
300 ## - PHYSICAL DESCRIPTION
Extent 312p.
650 ## - SUBJECT ADDED ENTRY--TOPICAL TERM
Topical term or geographic name entry element Political thought
Holdings
Withdrawn status Lost status Damaged status Not for loan Permanent Location Current Location Date acquired Barcode Date last seen Price effective from Koha item type
        Indian Institute of Public Administration Indian Institute of Public Administration 2010-05-06 72494 2018-07-21 2018-07-21 Book

Powered by Koha